[Event "DOM-chT"]
[Site "Santiago de los Caballeros"]
[Date "2017.08.18"]
[Round "2.2"]
[White "Beato Garcia, Jezleel Izhar"]
[Black "Alcantara, Digno"]
[Result "1/2-1/2"]
[WhiteElo "1928"]
[BlackElo "2045"]
[PlyCount "24"]
[EventDate "2017.08.17"]
[EventType "team-swiss"]
[EventRounds "6"]
[EventCountry "DOM"]
[SourceTitle "EXT 2019"]
[Source "ChessBase"]
[SourceDate "2018.10.10"]
[SourceVersion "1"]
[SourceVersionDate "2018.10.10"]
[SourceQuality "1"]
[WhiteTeam "Monsenor Nouel"]
[BlackTeam "San Juan de la Maguana"]
[WhiteTeamCountry "DOM"]
[BlackTeamCountry "DOM"]

1. d4 Nf6 2. c4 e6 3. Nc3 Bb4 4. Qc2 c5 5. e3 Nc6 6. Nf3 0-0 7. Bd3 d5 8. 0-0 dxc4 9. Bxc4 cxd4 10. Rd1 Qa5 11. exd4 Bxc3 12. bxc3 Nd5 1/2-1/2